000 00841nam a2200217Ii 4500
003 JO-AjNU
008 230605s9999||||xx |||||||||||||| ||und||
020 _a978-9957-61-645-8
040 _aJO-AjNU
_bara
_erda
_cJO-AjNU
041 _aara
050 1 4 _aBF31.T36 2019
100 3 _a التميمي، محمود كاظم محمود,
_eauthor
_961000
245 0 0 _aقاموس انجليزي-عربي بالمصطلحات النفسية والارشادية=Dictionary of psychological and counseling resource
250 _aالطبعة الاولى
264 3 1 _aعمان: دار صفاء للنشر والتوزيع، 2019
300 _a191ص
336 _atext
_btxt
_2rdacontent
337 _aunmediated
_bn
_2rdamedia
338 _avolume
_bnc
_2rdacarrier
650 4 _aمصطلحات نفسية وارشادية-قواميس
_961001
999 _aA27546
_c31114
_d31114